Countries Ali Khamenei has visited - Statistics

General Stats
  • This quiz has been taken 163 times
  • The average score is 5 of 14
Answer Stats
Continent Country % Correct
Asia China
70%
North America United States of America
69%
Asia Syria
58%
Africa Algeria
57%
Africa Libya
53%
Asia Pakistan
53%
Asia North Korea
39%
Africa Tunisia
38%
Africa Zimbabwe
23%
Europe Serbia
20%
Europe Romania
17%
Africa Angola
16%
Europe Bosnia and Herzegovina
14%
Africa Mozambique
8%
No matching quizzes found
Score Distribution
Percent of People with Each Score
Percentile by Number Answered
Your Score History
You have not taken this quiz